| 000 | 00717cam a22001691 4500 | ||
|---|---|---|---|
| 082 |
_a621.3 _bRAP _cL |
||
| 100 | 1 |
_aRapson, Ernest Thomas Arthur, _941139 |
|
| 245 | 1 | 0 |
_aExperimental electrical engineering; _ba book covering the experimental work necessary for students taking the ordinary and higher national certificates in electrical engineering, and also the B. Sc. and I. E. E. examinations, _cby E. T. A. Rapson. |
| 250 | _a4th ed. | ||
| 260 |
_aLondon, _bSir I. Pitman & Sons, Ltd., _c1943. |
||
| 300 |
_aix, 205 p. _bdiagrs. _c19 cm. |
||
| 526 |
_a0 _b0 _c0 _d621_300000000000000_RAP |
||
| 526 |
_a0 _b0 _c0 _d621_300000000000000_RAP |
||
| 650 | 0 | _aElectrical engineering | |
| 650 | 0 |
_aMCE _9379 |
|
| 942 |
_2ddc _cBK |
||
| 999 |
_c545370 _d545370 |
||